000 00763 a2200241 4500
003 OSt
005 20180116192401.0
008 120702t xxu||||| |||| 00| 0 eng d
010 _a 84028112
020 _a0226302156 (pbk.)
020 _a9780714832456
040 _c0
082 0 0 _a701
100 1 _aGombrich, E. H.
_95056
245 1 0 _aMeditations on a hobby horse :
_band other essays on the theory of art /
_cby E.H. Gombrich.
250 _a4th ed.
260 _aChicago :
_bUniversity of Chicago Press,
_c1985, c1963.
300 _ax, 182 p., [64] p. of plates :
_bill. ;
_c25 cm.
650 1 0 _aArt.
_95057
650 1 0 _aArt
_xPhilosophy.
_95058
942 _aSADA
_cBK
_k701 GOM 1985
_2ddc
999 _c353301
_d353301